00475nam a2200181 a 4500001001300000003000900013005001700022008004100039020001000080082001900090100002100109245003200130260004400162300000900206500003500215650002200250700002100272nice12345678IN_TiNIC20260116011439.0070731s1898 lipa grp 000 0 ger  ac10000a297.12203bFLU aFlugel, Gustavus aConcordance Corani Arabicae aLipsiaebSumtibus Ernesti Bredtiic1898 a219p aincludes index and biblioraphy aQuran-Concordence1 aFlugel, Gustavus